[Event "Pan American-ch U18 Girls"]
[Site "Guayaquil"]
[Date "2019.07.26"]
[Round "8"]
[White "Ramirez Toledo, Ayleen Maribel"]
[Black "Iza Mendoza, Nefthys Sayde"]
[Result "1-0"]
[WhiteElo "1768"]
[BlackElo "1384"]
[PlyCount "139"]
[EventDate "2019.07.21"]
[EventType "swiss"]
[EventRounds "9"]
[EventCountry "ECU"]
[SourceTitle "EXT 2020"]
[Source "ChessBase"]
[SourceDate "2019.10.17"]
[SourceVersion "1"]
[SourceVersionDate "2019.10.17"]
[SourceQuality "1"]

1. Nf3 e6 2. g3 f5 3. Bg2 Nf6 4. d4 d5 5. 0-0 Bd6 6. c4 c6 7. b3 Qe7 8. Bb2 0-0 9. Qc1 b5 10. Nbd2 Nbd7 11. Ne5 Bb7 12. Ndf3 Ne4 13. Nxd7 Qxd7 14. Ba3 b4 15. Bb2 a5 16. Ne5 Qe7 17. Nd3 Kh8 18. c5 Bc7 19. a3 bxa3 20. Rxa3 Ba6 21. Qc2 Bb5 22. Rfa1 Ra6 23. Bc1 g5 24. f3 Nf6 25. Bxg5 Rg8 26. Bd2 Rga8 27. Bc3 Nd7 28. Qd2 Qf6 29. e3 Bxd3 30. Qxd3 Nf8 31. Qd2 Qd8 32. Bf1 R6a7 33. Bd3 Ng6 34. e4 Ne7 35. Qh6 Qd7 36. Bd2 Ng6 37. Qg5 dxe4 38. fxe4 Bf4 39. Qf6+ Qg7 40. Qxg7+ Rxg7 41. Bc3 Be3+ 42. Kf1 Rga7 43. exf5 exf5 44. Bxf5 Ne7 45. Be6 Kg7 46. d5+ Kg6 47. dxc6 Bxc5 48. Rxa5 Nxc6 49. Rxa7 Nxa7 50. g4 Rb8 51. Ra5 Be3 52. Rh5 h6 53. Rh3 Bg5 54. Rd3 Nb5 55. Bf5+ Kf7 56. Rd7+ Ke8 57. Be5 Rd8 58. Rxd8+ Kxd8 59. Bd3 Nc7 60. Ke2 Nd5 61. Be4 Nf6 62. Bf3 Nd7 63. Bg3 Kc8 64. Kd3 Bf6 65. Bd1 Kb7 66. Ke4 Kc6 67. Bf4 Bg7 68. Kf5 Nf8 69. Bd2 Kb5 70. b4 1-0

[Event "Pan American-ch U20 Girls"]
[Site "Guayaquil"]
[Date "2018.06.24"]
[Round "9"]
[White "Matu Carballo, Magdalena"]
[Black "Iza Mendoza, Nefthys Sayde"]
[Result "1/2-1/2"]
[WhiteElo "1858"]
[BlackElo "1498"]
[PlyCount "69"]
[EventDate "2018.06.19"]
[EventType "swiss"]
[EventRounds "9"]
[EventCountry "ECU"]
[SourceTitle "EXT 2019"]
[Source "ChessBase"]
[SourceDate "2018.10.10"]
[SourceVersion "1"]
[SourceVersionDate "2018.10.10"]
[SourceQuality "1"]

1. e4 Nf6 2. Nc3 d5 3. e5 Nfd7 4. d4 e6 5. Nf3 c5 6. dxc5 Bxc5 7. Bd3 Nc6 8. Bf4 a6 9. Qe2 Qc7 10. 0-0-0 b5 11. Bg3 Nb4 12. a3 Nxd3+ 13. Qxd3 Bb7 14. h4 Rc8 15. h5 Bxa3 16. Nxb5 Bxb2+ 17. Kxb2 axb5 18. Rh4 Qc5 19. Ra1 Nb6 20. Nd4 Nc4+ 21. Kc1 h6 22. Rg4 Qb4 23. Rb1 Qe1+ 24. Qd1 Qxd1+ 25. Kxd1 0-0 26. Bf4 Kh7 27. Nxb5 Ba6 28. Nd6 Rb8 29. Rb3 Nb2+ 30. Kc1 Rxb3 31. cxb3 Nd3+ 32. Kd2 Nxf2 33. Rg3 Ne4+ 34. Nxe4 dxe4 35. Rc3 1/2-1/2

[Event "South America-ch U20 Girls 13th"]
[Site "Manta"]
[Date "2017.04.30"]
[Round "9"]
[White "Puppi Lazo, Stephanie Beatriz"]
[Black "Iza Mendoza, Nefthys Sayde"]
[Result "1-0"]
[WhiteElo "1753"]
[BlackElo "1344"]
[PlyCount "49"]
[EventDate "2017.04.25"]
[EventType "swiss"]
[EventRounds "9"]
[EventCountry "ECU"]
[SourceTitle "CBM 178 Extra"]
[Source "ChessBase"]
[SourceDate "2017.06.22"]
[SourceVersion "1"]
[SourceVersionDate "2017.06.22"]
[SourceQuality "1"]

1. e4 Nf6 2. e5 Nd5 3. Nf3 d6 4. d4 Bg4 5. Be2 e6 6. 0-0 Be7 7. Bd2 0-0 8. Nc3 Nb6 9. h3 Bh5 10. Be3 Nc6 11. exd6 Bxd6 12. Ne4 Be7 13. Ng3 Bg6 14. c3 Nd5 15. Bc1 Bd6 16. Bd3 Bxd3 17. Qxd3 Bf4 18. Bxf4 Nxf4 19. Qd2 Qf6 20. Nh2 Ng6 21. Ng4 Qf4 22. Qc2 Rad8 23. Rae1 Qd6 24. Ne4 Qd5 25. Nef6+ 1-0